000 00414nam a2200181Ia 4500
001 10418
005 20260306161831.0
008 260306t1945||||xx |||||||||||||| ||spa||
041 _aESP
082 _a923.9
_bR68
100 _aRivera, Carlos
_eAUT
245 0 _aMartín Alonso Pinzón
260 _c1945
300 _a187 páginas :
_c21 cm.
650 _aGEN
654 _aCHU
942 _cLIB
_dJUS
_fJUS
_2ddc
_n
999 _c10418
_d10418